000 00280nam a2200121Ia 4500
008 190216s9999||||xx |||||||||||||| ||und||
100 _aSaddam Hussein
245 0 _aCharithram Ningalk Siksha Vidikkum
260 _bIla Books
300 _a96
650 _aMalayalam
942 _cBK
999 _c28771
_d28771